[Event "Ruhrgebiet-ch U16"]
[Site "Muelheim"]
[Date "2004.04.03"]
[Round "1"]
[White "Hoffmann, Ben"]
[Black "Ziebarth, Christian"]
[Result "1-0"]
[WhiteElo "1591"]
[BlackElo "792"]
[PlyCount "57"]
[EventDate "2004.04.??"]
[EventType "swiss"]
[EventRounds "7"]
[EventCountry "GER"]
[SourceTitle "EXT 2005"]
[Source "ChessBase"]
[SourceDate "2004.11.15"]
[SourceVersion "1"]
[SourceVersionDate "2004.11.15"]
[SourceQuality "1"]

1. e4 e5 2. Nf3 Nc6 3. Bc4 Nf6 4. Ng5 d5 5. exd5 Nxd5 6. d3 f6 7. Qf3 Nce7 8. Ne4 c6 9. Nbc3 Be6 10. Nxd5 Bxd5 11. Bxd5 Nxd5 12. Qg4 Qc7 13. Bd2 Qb6 14. Qe6+ Be7 15. Nd6+ Kd8 16. Nf7+ Kc7 17. Nxh8 Rxh8 18. Rb1 Kb8 19. 0-0 Bc5 20. Qf7 g5 21. Qe6 Rf8 22. a3 Nc7 23. Qf5 Nb5 24. Qxh7 Nd4 25. Qh5 Nxc2 26. Qd1 Ne3 27. Bxe3 Bxe3 28. fxe3 Qxe3+ 29. Rf2 1-0